[Event "Troisdorf op"]
[Site "Troisdorf"]
[Date "2009.11.03"]
[Round "2"]
[White "Behl, Torsten"]
[Black "Weber, Olaf"]
[Result "1-0"]
[WhiteElo "2018"]
[BlackElo "1772"]
[PlyCount "63"]
[EventDate "2009.10.27"]
[EventType "swiss"]
[EventRounds "7"]
[EventCountry "GER"]
[SourceTitle "EXT 2011"]
[Source "ChessBase"]
[SourceDate "2010.11.26"]
[SourceVersion "1"]
[SourceVersionDate "2010.11.26"]
[SourceQuality "1"]

1. e4 c5 2. Nf3 d6 3. d4 cxd4 4. Nxd4 Nf6 5. Nc3 a6 6. Be3 e5 7. Nb3 Be6 8. Nd5 Bxd5 9. exd5 Be7 10. c4 Nbd7 11. Be2 Rc8 12. 0-0 0-0 13. f3 Ne8 14. Qd2 f5 15. Na5 Qc7 16. b4 Nb8 17. a4 b6 18. Nb3 Bf6 19. a5 f4 20. Bxb6 Qf7 21. Rac1 g5 22. c5 h5 23. Bd3 Be7 24. Qe2 Kh8 25. Bxa6 Nxa6 26. Qxa6 Nf6 27. cxd6 Rxc1 28. Rxc1 Bxd6 29. Bc5 Bxc5+ 30. Rxc5 Nxd5 31. Qh6+ Kg8 32. Qxg5+ 1-0

[Event "Troisdorf op"]
[Site "Troisdorf"]
[Date "2009.10.27"]
[Round "1"]
[White "Weber, Olaf"]
[Black "Kissing, Freya Margarethe"]
[Result "1-0"]
[WhiteElo "1772"]
[BlackElo "1408"]
[PlyCount "87"]
[EventDate "2009.10.27"]
[EventType "swiss"]
[EventRounds "7"]
[EventCountry "GER"]
[SourceTitle "EXT 2011"]
[Source "ChessBase"]
[SourceDate "2010.11.26"]
[SourceVersion "1"]
[SourceVersionDate "2010.11.26"]
[SourceQuality "1"]

1. d4 Nf6 2. Nf3 e6 3. c4 c5 4. d5 b5 5. dxe6 fxe6 6. cxb5 a6 7. bxa6 Bxa6 8. g3 Nc6 9. Bg2 Rb8 10. 0-0 Be7 11. Nc3 0-0 12. b3 h6 13. Bf4 Rc8 14. Rc1 Bb7 15. Ne5 Qe8 16. Na4 d6 17. Nxc6 Bxc6 18. Bxc6 Qxc6 19. Qc2 Qe4 20. Qxe4 Nxe4 21. f3 Nf6 22. e4 d5 23. exd5 exd5 24. Rfe1 Rf7 25. Be3 d4 26. Bxd4 Nd5 27. Bxc5 Bxc5+ 28. Rxc5 Rxc5 29. Nxc5 Nb4 30. f4 Nxa2 31. Kg2 Rc7 32. Re5 Rc6 33. Kf3 Kf7 34. Ke4 Nc3+ 35. Kd3 Nb5 36. Ne4 Nc7 37. Rc5 Na6 38. Rxc6 Nb4+ 39. Kc4 Nxc6 40. Kc5 Nb8 41. b4 Kg6 42. Kd6 Kh5 43. Nf2 g5 44. f5 1-0

[Event "Troisdorf op"]
[Site "Troisdorf"]
[Date "2006.12.05"]
[Round "7"]
[White "Lorenz, Steffen"]
[Black "Weber, Olaf"]
[Result "1-0"]
[WhiteElo "1802"]
[BlackElo "1833"]
[PlyCount "63"]
[EventDate "2006.10.24"]
[EventType "swiss"]
[EventRounds "7"]
[EventCountry "GER"]
[SourceTitle "EXT 2011"]
[Source "ChessBase"]
[SourceDate "2010.11.26"]
[SourceVersion "1"]
[SourceVersionDate "2010.11.26"]
[SourceQuality "1"]

1. e4 c5 2. Nf3 d6 3. d4 cxd4 4. Nxd4 Nf6 5. Nc3 a6 6. Be2 e5 7. Nb3 Be7 8. Be3 Be6 9. 0-0 0-0 10. f4 exf4 11. Bxf4 d5 12. Bf3 Qb6+ 13. Kh1 dxe4 14. Nxe4 Nd5 15. Bg3 Rd8 16. Qe1 Nc6 17. c4 Ndb4 18. c5 Qa7 19. Qf2 Bxb3 20. axb3 Nd3 21. Qc2 Bxc5 22. Be2 Ncb4 23. Qc3 Rac8 24. Bxd3 Rxd3 25. Qe5 Rd5 26. Qf4 b5 27. Qg4 f5 28. Nf6+ Kh8 29. Rxf5 Rcd8 30. Nxd5 Nxd5 31. Rd1 Qb7 32. Qf3 1-0

[Event "Troisdorf op"]
[Site "Troisdorf"]
[Date "2006.11.28"]
[Round "6"]
[White "Weber, Olaf"]
[Black "Meissner, Wolf Dieter"]
[Result "1/2-1/2"]
[WhiteElo "1833"]
[BlackElo "1969"]
[PlyCount "91"]
[EventDate "2006.10.24"]
[EventType "swiss"]
[EventRounds "7"]
[EventCountry "GER"]
[SourceTitle "EXT 2011"]
[Source "ChessBase"]
[SourceDate "2010.11.26"]
[SourceVersion "1"]
[SourceVersionDate "2010.11.26"]
[SourceQuality "1"]

1. d4 e6 2. c4 f5 3. Nc3 Nf6 4. Bg5 Be7 5. Qd3 Nc6 6. a3 0-0 7. Nf3 d6 8. g3 Qe8 9. Bxf6 Bxf6 10. Bg2 e5 11. dxe5 dxe5 12. e4 Nd4 13. 0-0 Nxf3+ 14. Bxf3 f4 15. Nd5 Qf7 16. Rac1 c6 17. Nxf6+ Qxf6 18. g4 Qh4 19. Kh1 Rd8 20. Qe2 Rd6 21. Rg1 Be6 22. Rcd1 Rad8 23. Rxd6 Rxd6 24. b3 h6 25. Kg2 a5 26. a4 Qd8 27. Rd1 Rd4 28. Rxd4 Qxd4 29. Qd1 Kf8 30. Qxd4 exd4 31. Bd1 b6 32. f3 Ke7 33. h4 Kd6 34. Kf2 Kc5 35. Ke2 b5 36. axb5 cxb5 37. cxb5 Kxb5 38. Kd3 Kc5 39. Bc2 h5 40. g5 Bh3 41. Kd2 Bg2 42. Ke2 Bh3 43. Kd2 Be6 44. Kd3 Bf7 45. Kd2 Be6 46. Kd3 1/2-1/2

[Event "Troisdorf op"]
[Site "Troisdorf"]
[Date "2006.11.07"]
[Round "3"]
[White "Lamprecht, Mark"]
[Black "Weber, Olaf"]
[Result "1-0"]
[WhiteElo "2104"]
[BlackElo "1833"]
[PlyCount "105"]
[EventDate "2006.10.24"]
[EventType "swiss"]
[EventRounds "7"]
[EventCountry "GER"]
[SourceTitle "EXT 2011"]
[Source "ChessBase"]
[SourceDate "2010.11.26"]
[SourceVersion "1"]
[SourceVersionDate "2010.11.26"]
[SourceQuality "1"]

1. c4 Nf6 2. g3 g6 3. Bg2 d5 4. Nf3 c6 5. 0-0 Bg7 6. d4 0-0 7. Bf4 Nbd7 8. cxd5 Nxd5 9. Nc3 Nxf4 10. gxf4 Qc7 11. e3 Nf6 12. Rc1 Bg4 13. h3 Bh5 14. Qc2 Bxf3 15. Bxf3 Qd7 16. Bg2 Bh6 17. Rfd1 e6 18. b4 Rfc8 19. Qb3 Nd5 20. Ne4 Qe7 21. Nc5 Rab8 22. Nd3 Qd6 23. Rc2 a6 24. Rdc1 Bf8 25. Rc5 Bh6 26. a4 g5 27. fxg5 Bxg5 28. Qd1 Kh8 29. Ne5 Qe7 30. Qh5 Kg7 31. f4 Bf6 32. Ng4 Kf8 33. Bxd5 exd5 34. Qxh7 Ke8 35. Qf5 Bg7 36. Kg2 Qe6 37. Qxe6+ fxe6 38. b5 axb5 39. axb5 Kd7 40. Rb1 b6 41. bxc6+ Rxc6 42. Rxc6 Kxc6 43. Nf2 b5 44. Nd3 Ra8 45. Rb3 Ra2+ 46. Kg3 Bf8 47. Ne5+ Kb6 48. Nd7+ Ka5 49. Nxf8 Ka4 50. Rb1 b4 51. Nxe6 Ra3 52. Nc5+ Kb5 53. Kf3 1-0

[Event "Troisdorf op"]
[Site "Troisdorf"]
[Date "2005.11.08"]
[Round "3.14"]
[White "Weber, Olaf"]
[Black "Vitz, Hans Joachim"]
[Result "1/2-1/2"]
[WhiteElo "1861"]
[BlackElo "1786"]
[PlyCount "36"]
[EventDate "2005.10.18"]
[EventType "swiss"]
[EventRounds "7"]
[EventCountry "GER"]
[SourceTitle "EXT 2006"]
[Source "ChessBase"]
[SourceDate "2005.11.24"]
[SourceVersion "1"]
[SourceVersionDate "2005.11.24"]
[SourceQuality "1"]

1. d4 d5 2. c4 e6 3. Nc3 Be7 4. cxd5 exd5 5. Bf4 c6 6. Qc2 g6 7. e3 Bf5 8. Qd2 Nd7 9. f3 Ngf6 10. Bh6 Bf8 11. Bxf8 Kxf8 12. Nge2 Kg7 13. Ng3 Be6 14. Bd3 c5 15. 0-0 cxd4 16. exd4 h5 17. f4 h4 18. Nge2 Bf5 1/2-1/2

[Event "Leverkusen-ch op"]
[Site "Leverkusen"]
[Date "2005.03.07"]
[Round "6"]
[White "Buchkremer, Felix"]
[Black "Weber, Olaf"]
[Result "1-0"]
[WhiteElo "2033"]
[BlackElo "1858"]
[PlyCount "121"]
[EventDate "2005.01.10"]
[EventType "swiss"]
[EventRounds "9"]
[EventCountry "GER"]
[SourceTitle "EXT 2006"]
[Source "ChessBase"]
[SourceDate "2005.11.24"]
[SourceVersion "1"]
[SourceVersionDate "2005.11.24"]
[SourceQuality "1"]

1. e4 c5 2. c3 d5 3. exd5 Qxd5 4. d4 e6 5. Nf3 Nf6 6. Be3 cxd4 7. cxd4 Bb4+ 8. Nc3 Bxc3+ 9. bxc3 0-0 10. Bd3 Nc6 11. 0-0 Qa5 12. Qc2 h6 13. Rab1 a6 14. c4 Qc7 15. Rfd1 Ne7 16. Qb2 Nf5 17. Bd2 Rd8 18. Bc3 Nd6 19. d5 Nde8 20. Be5 Qe7 21. d6 Nxd6 22. Qb6 Nf5 23. Bxf5 Rxd1+ 24. Rxd1 exf5 25. Qd8+ Qf8 26. Bxf6 gxf6 27. Qxf6 Be6 28. Nd4 Qg7 29. Qxg7+ Kxg7 30. Nxe6+ fxe6 31. Rd7+ Kf6 32. Rxb7 Rc8 33. Rb4 Ke5 34. Kf1 Rc6 35. Ke2 Kd4 36. Ra4 e5 37. Kf3 h5 38. Kg3 Rg6+ 39. Kh3 f4 40. f3 Ke3 41. Rb4 Kd4 42. Ra4 Kc5 43. Ra5+ Kd4 44. Rd5+ Kxc4 45. Rxe5 Kd3 46. Rxh5 Ke3 47. Re5+ Kf2 48. Re4 Rh6+ 49. Kg4 Rxh2 50. Kxf4 Rxg2 51. Re6 Rg8 52. Ke4 a5 53. f4 Kg3 54. f5 Rg4+ 55. Ke5 Ra4 56. f6 Rxa2 57. f7 Rf2 58. Rf6 Re2+ 59. Kd6 Rd2+ 60. Ke7 Re2+ 61. Re6 1-0

[Event "Leverkusen-ch op"]
[Site "Leverkusen"]
[Date "2005.02.14"]
[Round "4"]
[White "Zuehlke, Ernst Wilhelm"]
[Black "Weber, Olaf"]
[Result "1/2-1/2"]
[WhiteElo "1656"]
[BlackElo "1858"]
[PlyCount "114"]
[EventDate "2005.01.10"]
[EventType "swiss"]
[EventRounds "9"]
[EventCountry "GER"]
[SourceTitle "EXT 2006"]
[Source "ChessBase"]
[SourceDate "2005.11.24"]
[SourceVersion "1"]
[SourceVersionDate "2005.11.24"]
[SourceQuality "1"]

1. d4 Nf6 2. c4 g6 3. Nc3 Bg7 4. e4 d6 5. Nf3 0-0 6. Be2 e5 7. d5 a5 8. Bg5 h6 9. Bh4 Na6 10. a3 Bd7 11. 0-0 Qe8 12. Bxf6 Bxf6 13. h3 Bg7 14. Rb1 f5 15. Bd3 f4 16. Be2 g5 17. Nd2 Qg6 18. Bh5 Qf6 19. b4 axb4 20. axb4 Be8 21. Bg4 Bg6 22. Be6+ Kh8 23. Kh2 h5 24. Rh1 c5 25. bxc5 Nxc5 26. Bf5 Rf7 27. Bxg6 Qxg6 28. f3 Bf8 29. Nb3 Nd7 30. Nb5 Rc8 31. Rc1 Rh7 32. Kg1 Nf6 33. Kf2 b6 34. Qe2 g4 35. hxg4 hxg4 36. Rxh7+ Qxh7 37. Ke1 gxf3 38. gxf3 Be7 39. Kd2 Rg8 40. Rf1 Rg3 41. Rf2 Nxe4+ 42. fxe4 Rxb3 43. Kc2 Re3 44. Qd1 Qxe4+ 45. Kb2 Qg6 46. Nc7 Bf6 47. Rh2+ Kg8 48. Qa4 e4+ 49. Ka2 Qf7 50. Ne6 Bg7 51. Rh7 Re2+ 52. Kb3 Rg2 53. Rh4 Rg3+ 54. Kc2 Rg2+ 55. Kd1 Rg1+ 56. Kc2 Rg2+ 57. Kd1 Rg1+ 1/2-1/2

[Event "Troisdorf op"]
[Site "Troisdorf"]
[Date "2004.11.30"]
[Round "5"]
[White "Vaerst, Joachim"]
[Black "Weber, Olaf"]
[Result "0-1"]
[WhiteElo "1933"]
[BlackElo "1838"]
[PlyCount "56"]
[EventDate "2004.11.02"]
[EventType "swiss"]
[EventRounds "7"]
[EventCountry "GER"]
[SourceTitle "EXT 2006"]
[Source "ChessBase"]
[SourceDate "2005.11.24"]
[SourceVersion "1"]
[SourceVersionDate "2005.11.24"]
[SourceQuality "1"]

1. e4 c5 2. Nf3 d6 3. d4 cxd4 4. Qxd4 Nc6 5. Bb5 Bd7 6. Bxc6 Bxc6 7. c4 Nf6 8. Nc3 e5 9. Qd3 h6 10. b3 Be7 11. 0-0 0-0 12. Rd1 Qc7 13. a4 a5 14. Nd2 Nd7 15. Nf1 Nc5 16. Qc2 Qc8 17. Ne3 Qe6 18. Ncd5 Bxd5 19. Rxd5 g6 20. g4 Bg5 21. f3 Qf6 22. Kf2 Rfd8 23. Ba3 Bxe3+ 24. Kxe3 Qf4+ 25. Ke2 Qxh2+ 26. Kd1 Qg1+ 27. Ke2 Qxa1 28. Bc1 Nxb3 0-1